|
|
|
|
| LEADER |
00763nam a2200205Ia 4500 |
| 001 |
TDMU_22502 |
| 008 |
210410s9999 xx 000 0 und d |
| 082 |
|
|
|a 782.42
|
| 090 |
|
|
|b PH104
|
| 100 |
|
|
|a Phạm, Đắc Hiến
|
| 245 |
|
0 |
|a Tuyển tập ca khúc câu hát quê nhà
|
| 245 |
|
0 |
|c Phạm Đắc Hiến, Lê Trung Hiếu, Phạm Minh Thuận
|
| 260 |
|
|
|a Bình Dương
|
| 260 |
|
|
|b Hội Văn học Nghệ thuật Bình Dương
|
| 260 |
|
|
|c 2006
|
| 300 |
|
|
|a 67 tr.
|
| 650 |
|
|
|a TaÌc phẩm âm nhaÌ£c; Bài hát
|
| 700 |
|
|
|a Lê, Trung Hiếu
|
| 856 |
|
|
|u http://lrc.tdmu.edu.vn/opac/search/detail.asp?aID=2&ID=22502
|
| 980 |
|
|
|a Trung tâm Học liệu Trường Đại học Thủ Dầu Một
|